01286cam a22002778a 45000010009000000050017000090080041000260200038000670200018001050400013001230820024001361000021001602450072001812500013002532600045002663000042003115000020003535000028003735200465004016500017008666500017008836500027009006500027009276500027009546500027009811698374220240621105333.0110929s2012 nyu 001 0 eng  a9780071774345 (pbk. : alk. paper) a9781259251276 cPK-LaUMT00a616.9041223bLEV-R1 aLevinson, Warren10aReview of medical microbiology and immunology /cby Warren Levinson a14th ed. aNew York :bMcGraw-Hill Education,c2016 a821 p.bill. (chiefly col.) ;c28 cm. aIncludes index. a"A Lange medical book." a"This book is a concise review of the medically important aspects of microbiology and immunology. It covers both the basic and clinical aspects of bacteriology, virology, mycology, parasitology, and immunology. Its two major aims are (1) to assist those who are preparing for the USMLE (National Boards) and (2) to provide students who are currently taking medical microbiology courses with a brief and up-to-date source of information"--Provided by publisher.12aMicrobiology12aMicrobiology22aAllergy and Immunology22aAllergy and Immunology22aImmunologic Techniques22aImmunologic Techniques